Význam a dôkazná váha listín v správnom konaní

Listiny ako významný právny inštitút v správnom konaní. Dôkazová váha a spôsobilosť preukazovať jednotlivé skutočnosti podstatné pre správne konanie.

Na minha lista:
Detalhes bibliográficos
Autor principal: Hrtánek, Ladislav
Formato: Capítulo de Livro
Idioma:eslovaco
Assuntos:
Tags: Adicionar Tag
Sem tags, seja o primeiro a adicionar uma tag!

MARC

LEADER 00000naa a2200000 4500
001 0219436
005 20231120131219.1
041 0 |a slo 
044 |a SK 
245 1 0 |a Význam a dôkazná váha listín v správnom konaní  |c Ladislav Hrtánek 
520 |a Listiny ako významný právny inštitút v správnom konaní. Dôkazová váha a spôsobilosť preukazovať jednotlivé skutočnosti podstatné pre správne konanie. 
610 2 0 |a konanie správne 
610 2 0 |a doklady daňové 
610 2 0 |a poriadok právny 
100 1 |a Hrtánek, Ladislav